<?xml version="1.0" encoding="UTF-8"?>
<record
    xmlns:xsi="http://www.w3.org/2001/XMLSchema-instance"
    xsi:schemaLocation="http://www.loc.gov/MARC21/slim http://www.loc.gov/standards/marcxml/schema/MARC21slim.xsd"
    xmlns="http://www.loc.gov/MARC21/slim">

  <leader>03358nam a2200409 a 4500</leader>
  <controlfield tag="003">CHAP</controlfield>
  <controlfield tag="005">20250820140155.0</controlfield>
  <controlfield tag="008">250728s2011    mx adk |r|    ||||||spa d</controlfield>
  <datafield tag="020" ind1=" " ind2=" ">
    <subfield code="a">978-607-715-018-3 (Colegio de Posgraduados)</subfield>
    <subfield code="a">978-607-7699-22-4 (Mundi Prensa)</subfield>
  </datafield>
  <datafield tag="040" ind1=" " ind2=" ">
    <subfield code="c">CHAP</subfield>
    <subfield code="a">PA</subfield>
    <subfield code="e">rda</subfield>
  </datafield>
  <datafield tag="041" ind1=" " ind2=" ">
    <subfield code="a">spa</subfield>
    <subfield code="b">spa</subfield>
    <subfield code="f">spa</subfield>
    <subfield code="h">spa</subfield>
  </datafield>
  <datafield tag="082" ind1="1" ind2=" ">
    <subfield code="a">PA 631.416</subfield>
    <subfield code="b">.A24 2011</subfield>
  </datafield>
  <datafield tag="100" ind1="1" ind2=" ">
    <subfield code="a">Aceves Navarro, Everardo</subfield>
    <subfield code="9">530</subfield>
  </datafield>
  <datafield tag="245" ind1="1" ind2="3">
    <subfield code="a">El ensalitramiento de los suelos bajo riego /</subfield>
    <subfield code="c">Everardo Aceves Navarro.</subfield>
  </datafield>
  <datafield tag="250" ind1=" " ind2=" ">
    <subfield code="a">2a edici&#xF3;n</subfield>
  </datafield>
  <datafield tag="260" ind1=" " ind2=" ">
    <subfield code="a">M&#xE9;xico :</subfield>
    <subfield code="b">Colegio de Posgraduados:</subfield>
    <subfield code="b">Mundi Prensa:</subfield>
    <subfield code="b">UACH:</subfield>
    <subfield code="b">Universidad Aut&#xF3;noma Agrar&#xED;a Antonio Narro:</subfield>
    <subfield code="b">IICA:</subfield>
    <subfield code="b">INIFAP,</subfield>
    <subfield code="c">2011.</subfield>
  </datafield>
  <datafield tag="264" ind1=" " ind2=" ">
    <subfield code="a">M&#xE9;xico :</subfield>
    <subfield code="b">bba,</subfield>
    <subfield code="c">2011</subfield>
  </datafield>
  <datafield tag="300" ind1=" " ind2=" ">
    <subfield code="a">205 p&#xE1;ginas :</subfield>
    <subfield code="b">ilustraciones, tablas, gr&#xE1;ficas, formulario</subfield>
  </datafield>
  <datafield tag="336" ind1=" " ind2=" ">
    <subfield code="2">rdacontent</subfield>
    <subfield code="a">texto</subfield>
    <subfield code="b">txt</subfield>
  </datafield>
  <datafield tag="337" ind1=" " ind2=" ">
    <subfield code="2">rdamedia</subfield>
    <subfield code="a">sin medio</subfield>
    <subfield code="b">n</subfield>
  </datafield>
  <datafield tag="338" ind1=" " ind2=" ">
    <subfield code="2">rdacarrier</subfield>
    <subfield code="a">volumen</subfield>
    <subfield code="b">nc</subfield>
  </datafield>
  <datafield tag="490" ind1=" " ind2=" ">
    <subfield code="a">Biblioteca b&#xE1;sica de agricultura</subfield>
  </datafield>
  <datafield tag="505" ind1=" " ind2=" ">
    <subfield code="a">Cap&#xED;tulo 1. Introducci&#xF3;n.- Cap&#xED;tulo 2. Causas que originan el ensalitramiento de los suelos bajo riego.- Cap&#xED;tulo 3. Caracterizaci&#xF3;n y clasificaci&#xF3;n de los suelos con problemas de Salitramiento. &#x2013; Cap&#xED;tulo 4. Fectos de la concentraci&#xF3;n de sales solubles sobre las propiedades del suelo conceptos b&#xE1;sicos y definiciones.- Cap&#xED;tulo 5. Efectos de la concentraci&#xF3;n de sales solubles del suelo sobre lo cultivos.- Cap&#xED;tulo 6. Tolerancia relativa de los cultivos a las sales y elementos t&#xF3;xicos.- Cap&#xED;tulo 7. Caracterizaci&#xF3;n y clasificaci&#xF3;n de las aguas con fines de riego de cultivo, de acuerdo a su calidad qu&#xED;mica y a su calidad agron&#xF3;mica. -  Cap&#xED;tulo 8. Interacciones entre el agua, el suelo, las sales y las plantas. &#x2013; Cap&#xED;tulo 9. Predicci&#xF3;n de los procesos de ensalitramiento de los suelos bajo riego. &#x2013; Cap&#xED;tulo 10. Medidas de combate, control y adaptaci&#xF3;n a los problemas de ensalitramiento de los terrenos bajo riego.- Bibliograf&#xED;a.- Ap&#xE9;ndice. </subfield>
  </datafield>
  <datafield tag="520" ind1=" " ind2=" ">
    <subfield code="a">En este libro se describen los mecanismos mediante los cuales las sales se originan y se acumulan en el suelo, c&#xF3;mo se identifican, y c&#xF3;mo se clasifican los suelos con diferentes grados y tipos de afectaci&#xF3;n salina; c&#xF3;mo las sales afectan el desarrollo de los cultivos, y qu&#xE9; m&#xE9;todos son recomendables para controlar y combatir el ensalitramiento.

La primera edici&#xF3;n de este libro se public&#xF3; en 1979, en una edici&#xF3;n muy limitada pero que, sin embargo, obtuvo el primer lugar en el Premio Banamex de Ciencia y Tecnolog&#xED;a de ese a&#xF1;o, en el ramo agropecuario. Agotada la primera edici&#xF3;n, en &#xE9;sta; la segunda, se incluyen correcciones, se adicionan temas; y se intenta aclarar fen&#xF3;menos que ocurren en el sistema agua-suelo-planta. Se presentan tambi&#xE9;n ejemplos pr&#xE1;cticos para entender los cambios que ocurren en las propiedades f&#xED;sicas, qu&#xED;micas, fisicoqu&#xED;micas y microbiol&#xF3;gicas del suelo cuando se ensalitra.</subfield>
  </datafield>
  <datafield tag="534" ind1=" " ind2=" ">
    <subfield code="p">T&#xED;tulo original:</subfield>
  </datafield>
  <datafield tag="590" ind1=" " ind2=" ">
    <subfield code="a">E11695DGD</subfield>
    <subfield code="b">10</subfield>
    <subfield code="c">20170609</subfield>
  </datafield>
  <datafield tag="590" ind1=" " ind2=" ">
    <subfield code="a">E5765TAJ</subfield>
    <subfield code="b">05</subfield>
    <subfield code="c">20170608</subfield>
  </datafield>
  <datafield tag="590" ind1=" " ind2=" ">
    <subfield code="a">E5765TAJ</subfield>
    <subfield code="b">05</subfield>
    <subfield code="c">20170608</subfield>
  </datafield>
  <datafield tag="590" ind1=" " ind2=" ">
    <subfield code="a">E5765TAJ</subfield>
    <subfield code="b">05</subfield>
    <subfield code="c">20170608</subfield>
  </datafield>
  <datafield tag="650" ind1="1" ind2="7">
    <subfield code="a">Suelos</subfield>
    <subfield code="x">An&#xE1;lisis</subfield>
    <subfield code="9">110204</subfield>
  </datafield>
  <datafield tag="650" ind1="1" ind2="7">
    <subfield code="a">Salinidad</subfield>
    <subfield code="9">101733</subfield>
  </datafield>
  <datafield tag="650" ind1="1" ind2="2">
    <subfield code="a">Salinidad</subfield>
    <subfield code="x">Efecto en cultivos</subfield>
    <subfield code="9">131481</subfield>
  </datafield>
  <datafield tag="650" ind1="1" ind2="0">
    <subfield code="a">Suelos </subfield>
    <subfield code="x">Clasificaci&#xF3;n </subfield>
    <subfield code="9">141106</subfield>
  </datafield>
  <datafield tag="830" ind1=" " ind2="0">
    <subfield code="a">Biblioteca b&#xE1;sica de agricultura</subfield>
    <subfield code="9">12245</subfield>
  </datafield>
  <datafield tag="901" ind1=" " ind2=" ">
    <subfield code="a">BK</subfield>
  </datafield>
  <datafield tag="942" ind1=" " ind2=" ">
    <subfield code="c">LIBRO</subfield>
    <subfield code="2">ddc</subfield>
  </datafield>
  <datafield tag="999" ind1=" " ind2=" ">
    <subfield code="c">220758</subfield>
    <subfield code="d">220758</subfield>
  </datafield>
  <datafield tag="952" ind1=" " ind2=" ">
    <subfield code="0">0</subfield>
    <subfield code="1">0</subfield>
    <subfield code="2">ddc</subfield>
    <subfield code="4">0</subfield>
    <subfield code="5">1</subfield>
    <subfield code="7">0</subfield>
    <subfield code="8">GRAL</subfield>
    <subfield code="a">PA</subfield>
    <subfield code="b">PA</subfield>
    <subfield code="d">2025-07-28</subfield>
    <subfield code="e">Compra</subfield>
    <subfield code="i">Consumo</subfield>
    <subfield code="l">0</subfield>
    <subfield code="o">PA 631.416 A24 2011</subfield>
    <subfield code="p">4102004135</subfield>
    <subfield code="r">2025-07-28 15:46:24</subfield>
    <subfield code="t">Ej.1</subfield>
    <subfield code="w">2025-07-28</subfield>
    <subfield code="y">LIBRO</subfield>
  </datafield>
  <datafield tag="952" ind1=" " ind2=" ">
    <subfield code="0">0</subfield>
    <subfield code="1">0</subfield>
    <subfield code="2">ddc</subfield>
    <subfield code="4">0</subfield>
    <subfield code="5">3</subfield>
    <subfield code="7">0</subfield>
    <subfield code="8">GRAL</subfield>
    <subfield code="a">PA</subfield>
    <subfield code="b">PA</subfield>
    <subfield code="d">2025-07-31</subfield>
    <subfield code="e">Compra</subfield>
    <subfield code="i">Consumo</subfield>
    <subfield code="l">0</subfield>
    <subfield code="o">PA 631.416 A24 2011</subfield>
    <subfield code="p">4102004136</subfield>
    <subfield code="r">2025-07-31 14:27:10</subfield>
    <subfield code="t">Ej.2</subfield>
    <subfield code="w">2025-07-31</subfield>
    <subfield code="y">LIBRO</subfield>
  </datafield>
  <datafield tag="952" ind1=" " ind2=" ">
    <subfield code="0">0</subfield>
    <subfield code="1">0</subfield>
    <subfield code="2">ddc</subfield>
    <subfield code="4">0</subfield>
    <subfield code="5">3</subfield>
    <subfield code="7">0</subfield>
    <subfield code="8">GRAL</subfield>
    <subfield code="a">PA</subfield>
    <subfield code="b">PA</subfield>
    <subfield code="d">2025-07-31</subfield>
    <subfield code="e">Compra</subfield>
    <subfield code="i">Consumo</subfield>
    <subfield code="l">0</subfield>
    <subfield code="o">PA 631.416 A24 2011</subfield>
    <subfield code="p">4102004137</subfield>
    <subfield code="r">2025-07-31 14:28:16</subfield>
    <subfield code="t">Ej.3</subfield>
    <subfield code="w">2025-07-31</subfield>
    <subfield code="y">LIBRO</subfield>
  </datafield>
</record>
